The Valuation for Rating (Plant and Machinery) (Scotland) Amendment Regulations 2008 (Record no. 108941)

MARC details
000 -LEADER
fixed length control field 01254cad a22002415a 4500
001 - CONTROL NUMBER
control field E145844
008 - FIXED-LENGTH DATA ELEMENTS--GENERAL INFORMATION
fixed length control field 081112s2008 xxk f a000 0 eng d
035 ## - SYSTEM CONTROL NUMBER
System control number (Sirsi) u145844
041 0# - LANGUAGE CODE
Language code of text/sound track or separate title eng
110 2# - MAIN ENTRY--CORPORATE NAME
Corporate name or jurisdiction name as entry element Scotland
Form subheading Laws, etc
245 04 - TITLE STATEMENT
Title The Valuation for Rating (Plant and Machinery) (Scotland) Amendment Regulations 2008
Medium [electronic resource]
260 ## - PUBLICATION, DISTRIBUTION, ETC.
Place of publication, distribution, etc. Edinburgh
Name of publisher, distributor, etc. Scottish Government
Date of publication, distribution, etc. 2008
490 #0 - SERIES STATEMENT
Series statement Scottish Statutory Instrument
Volume/sequential designation 2008: 360
520 ## - SUMMARY, ETC.
Summary, etc. Comes into force on 1 January 2009. The Regulations amend the Valuation for Rating (Plant and Machinery) (Scotland) Regulations 2000, which set out details of the plant and machinery which is to be assumed to be part of lands and heritages for the purposes of valuation for non-domestic rating.
521 ## - TARGET AUDIENCE NOTE
Target audience note Advanced
590 ## - LOCAL NOTE (RLIN)
Local note KA
650 24 - SUBJECT ADDED ENTRY--TOPICAL TERM
Topical term or geographic name entry element VALUATION FOR RATING (PLANT AND MACHINERY) (SCOTLAND) REGULATIONS 2000
650 24 - SUBJECT ADDED ENTRY--TOPICAL TERM
Topical term or geographic name entry element VALUATION FOR RATING (PLANT AND MACHINERY) (SCOTLAND) AMENDMENT REGULATIONS 2008
651 #4 - SUBJECT ADDED ENTRY--GEOGRAPHIC NAME
Geographic name Scotland
Chronological subdivision 1999-
690 ## - LOCAL SUBJECT ADDED ENTRY--TOPICAL TERM (OCLC, RLIN)
Topical term or geographic name as entry element PROPERTY-PROPERTY APPRAISAL AND VALUATION
856 40 - ELECTRONIC LOCATION AND ACCESS
Uniform Resource Identifier <a href="https://www.opsi.gov.uk/legislation/scotland/ssi2008/ssi_20080360_en_1">https://www.opsi.gov.uk/legislation/scotland/ssi2008/ssi_20080360_en_1</a>
Public note View the statutory instrument free of charge at www.opsi.gov.uk...
942 ## - ADDED ENTRY ELEMENTS (KOHA)
Suppress in OPAC 0
Holdings
Withdrawn status Lost status Source of classification or shelving scheme Damaged status Not for loan Home library Current library Shelving location Date acquired Total Checkouts Full call number Barcode Date last seen Copy number Price effective from Koha item type
    Dewey Decimal Classification     Virtual Virtual Online 12/11/2008   ONLINE PUBLICATION 145844-2001 06/08/2019 1 06/08/2019 Book